On himself (Record no. 376465)

000 -LEADER
fixed length control field 00320cam a22001217a 4500
008 - FIXED-LENGTH DATA ELEMENTS--GENERAL INFORMATION
fixed length control field 180718b1972 xxu||||| |||| 00| 0 eng d
082 ## - DEWEY DECIMAL CLASSIFICATION NUMBER
Classification number A99 G346
100 ## - MAIN ENTRY--PERSONAL NAME
Personal name Sri Aurobindo
245 ## - TITLE STATEMENT
Title On himself
Statement of responsibility, etc. by Sri Aurobindo
260 ## - PUBLICATION, DISTRIBUTION, ETC.
Place of publication, distribution, etc. Pondicherry
Name of publisher, distributor, etc. Sri Aurobindo Ashram
Date of publication, distribution, etc. 1972
300 ## - PHYSICAL DESCRIPTION
Extent 513p.
650 ## - SUBJECT ADDED ENTRY--TOPICAL TERM
Topical term or geographic name entry element Ghose, Aurobindo
Holdings
Withdrawn status Lost status Damaged status Not for loan Permanent Location Current Location Date acquired Full call number Barcode Date last seen Price effective from Koha item type Source of classification or shelving scheme
        Indian Institute of Public Administration Indian Institute of Public Administration 1994-12-01 A99 G346 68673 2018-07-21 2018-07-21 Book  
        Indian Institute of Public Administration Indian Institute of Public Administration 2024-06-11 SNT A99 G346 GR25015 2024-06-11 2024-06-11 GR  

Powered by Koha